| 000 | 01044nam a2200313 i 4500 | ||
|---|---|---|---|
| 001 | bg | ||
| 003 | BPK | ||
| 005 | 20191220095100.0 | ||
| 008 | 000819s2000 pl a f f |000 0 pol | ||
| 015 | _aPB 2000/15491 | ||
| 020 | _a8372071918 | ||
| 040 |
_aWA N _cBPK |
||
| 041 | 0 | _apol | |
| 080 | _a005.95/.96 | ||
| 080 | _a005.2 | ||
| 080 | _a(075.8) | ||
| 100 | 1 |
_aMasłyk-Musiał, Ewa _d(1945- ) _eAutor |
|
| 245 | 1 | 0 |
_aStrategiczne zarządzanie zasobami ludzkimi / _cEwa Masłyk-Musiał. |
| 260 |
_aWarszawa : _bOficyna Wydawnicza Politechniki Warszawskiej, _c2000. |
||
| 300 |
_a260 s. : _b2 il. ; _c24 cm. |
||
| 504 | _aBibliogr. | ||
| 521 | 8 | _aPodręcznik akademicki. | |
| 650 | 4 |
_aZarządzanie zasobami ludzkimi (HRM) _xpolityka. |
|
| 655 | 4 | _aPodręczniki akademickie | |
| 650 | 4 | _aZarządzanie strategiczne | |
| 710 | 2 |
_aPolitechnika Warszawska. _bOficyna Wydawnicza. _4pbl. |
|
| 856 |
_uhttp://koha.tu.koszalin.pl/cgi-bin/koha/opac-detail.pl?biblionumber=38149 _yKatalog online BPK |
||
| 942 |
_2UKD _cKS |
||
| 999 |
_c38149 _d38149 |
||